Visualizzazione normale
Vista MARC
- Altman Robert
di Personal Name
Records bibliografici associati: 1
001 - CONTROL NUMBER
- control field: 50214
003 - CONTROL NUMBER IDENTIFIER
- control field: IT-RoPau
005 - DATE AND TIME OF LATEST TRANSACTION
- control field: 20151202110453.0
008 - FIXED-LENGTH DATA ELEMENTS
- fixed length control field: 151202|| aca||aabn | a|a d
040 ## - CATALOGING SOURCE
- Original cataloging agency: IT-RoPau
- Transcribing agency: IT-RoPau
100 ## - HEADING--PERSONAL NAME
- Personal name: Altman Robert
- Relator term: (regista)
- Miscellaneous information: Codice regista SPICS: 9953
670 ## - SOURCE DATA FOUND
- Source citation: Work cat.: (IT-RoPau)107065: Altman Robert Codice regista SPICS: 9953 50212, UN MATRIMONIO UN MATRIMONIO (Rif. Codice opera principale : 29000)